000 00624nam a2200193Ii 4500
003 JO-AjNU
008 230605s9999||||xx |||||||||||||| ||und||
040 _aJO-AjNU
_bara
_erda
_cJO-AjNU
041 _aara
050 1 4 _aPJ7842.U3 A17 1989
100 3 _aكحل، فؤاد,
_eauthor
_949068
245 0 0 _aهذا الدم ذاك الفرح: شعر
264 3 1 _aدمشق: اتحاد الكتاب العرب، 1989
300 _a123ص
336 _atext
_btxt
_2rdacontent
337 _aunmediated
_bn
_2rdamedia
338 _avolume
_bnc
_2rdacarrier
650 4 _aالشعر العربي - الشعر الحديث
_949069
999 _aA21529
_c25097
_d25097